[Event "Cagliari Cup 37th"]
[Site "Cagliari"]
[Date "2012.09.17"]
[Round "1"]
[White "Berg, Victor"]
[Black "Kogan, Artur"]
[Result "0-1"]
[WhiteElo "2066"]
[BlackElo "2590"]
[PlyCount "78"]
[EventDate "2012.09.17"]
[EventType "swiss"]
[EventRounds "9"]
[EventCountry "ITA"]
[SourceTitle "EXT 2014"]
[Source "ChessBase"]
[SourceDate "2013.11.20"]
[SourceVersion "1"]
[SourceVersionDate "2013.11.20"]
[SourceQuality "1"]

1. e4 c5 2. d4 cxd4 3. c3 dxc3 4. Nxc3 Nc6 5. Nf3 d6 6. Bc4 e6 7. 0-0 Be7 8. Qe2 Nf6 9. Rd1 e5 10. Be3 Bg4 11. Rac1 0-0 12. h3 Bh5 13. g4 Bg6 14. Bc5 Qb8 15. Ba3 Re8 16. b4 a6 17. Bd5 Qa7 18. Qd2 Rac8 19. Qd3 Bf8 20. Nh4 Nd4 21. Nf5 Bxf5 22. gxf5 b5 23. Kh1 Rc7 24. Ne2 Nxd5 25. exd5 Nxe2 26. Qxe2 Rxc1 27. Bxc1 Qd7 28. Qh5 Rc8 29. Rg1 f6 30. Be3 Rc4 31. a3 Qf7 32. Qf3 Rc3 33. Rc1 Qc7 34. Rg1 Rxa3 35. Qg2 Qc2 36. Bh6 Qxf5 37. Qxg7+ Bxg7 38. Rxg7+ Kh8 39. Rf7 Qxh3+ 0-1

[Event "Imperia op-A 50th"]
[Site "Imperia"]
[Date "2008.09.06"]
[Round "8"]
[White "Mela, Riccardo"]
[Black "Berg, Victor"]
[Result "1/2-1/2"]
[WhiteElo "2033"]
[BlackElo "2104"]
[PlyCount "52"]
[EventDate "2008.08.31"]
[EventType "swiss"]
[EventRounds "9"]
[EventCountry "ITA"]
[SourceTitle "MCD"]
[Source "ChessBase"]
[SourceDate "1999.07.01"]
[SourceVersion "1"]
[SourceVersionDate "1999.07.01"]
[SourceQuality "1"]

1. e4 c6 2. d4 d5 3. Nc3 dxe4 4. Nxe4 Nf6 5. Nc3 Bg4 6. Be2 Bxe2 7. Ngxe2 g6 8. 0-0 Bg7 9. Bf4 0-0 10. Qd2 Re8 11. Rad1 Qa5 12. a3 Nbd7 13. Nc1 Qf5 14. Rfe1 Rac8 15. Nd3 Nd5 16. Nxd5 cxd5 17. c3 Rc6 18. Ne5 Nxe5 19. Bxe5 Bf8 20. Bf4 Rf6 21. Bg5 Re6 22. Rxe6 Qxe6 23. Re1 Qf5 24. h4 h5 25. Re5 Qb1+ 26. Re1 Qf5 1/2-1/2

[Event "Imperia op-A 50th"]
[Site "Imperia"]
[Date "2008.09.05"]
[Round "7"]
[White "Berg, Victor"]
[Black "Bozzali, Ermanno"]
[Result "0-1"]
[WhiteElo "2104"]
[BlackElo "2148"]
[PlyCount "66"]
[EventDate "2008.08.31"]
[EventType "swiss"]
[EventRounds "9"]
[EventCountry "ITA"]
[SourceTitle "MCD"]
[Source "ChessBase"]
[SourceDate "1999.07.01"]
[SourceVersion "1"]
[SourceVersionDate "1999.07.01"]
[SourceQuality "1"]

1. e4 c5 2. d4 cxd4 3. c3 Nf6 4. e5 Nd5 5. cxd4 e6 6. Nc3 Nxc3 7. bxc3 Qc7 8. Bd2 b6 9. f4 Bb7 10. Nf3 Nc6 11. Bd3 Na5 12. Qe2 Bd5 13. c4 Nxc4 14. Rc1 b5 15. 0-0 Rc8 16. f5 Qb6 17. fxe6 dxe6 18. Kh1 Ba3 19. Rc2 h6 20. Qf2 Rc7 21. Qg3 Nxd2 22. Rxc7 Nxf1 23. Qxg7 Qxc7 24. Bxb5+ Bc6 25. Qxh8+ Bf8 26. Bxf1 Qa5 27. Qf6 Qxa2 28. Qf4 Qa1 29. Nd2 Bb5 30. Qf3 Be7 31. Nc4 Kf8 32. Qd3 a5 33. Qb3 Qxf1# 0-1

[Event "Hamburg Junge op"]
[Site "Hamburg"]
[Date "2005.10.04"]
[Round "4"]
[White "Behncke, Benjamin"]
[Black "Berg, Victor"]
[Result "1/2-1/2"]
[WhiteElo "1708"]
[BlackElo "2120"]
[PlyCount "52"]
[EventDate "2005.10.01"]
[EventType "swiss"]
[EventRounds "9"]
[EventCountry "GER"]
[SourceTitle "CBM 108 Extra"]
[Source "ChessBase"]
[SourceDate "2005.11.04"]
[SourceVersion "1"]
[SourceVersionDate "2005.11.04"]
[SourceQuality "1"]

1. e4 c6 2. d4 d5 3. e5 Bf5 4. Nf3 e6 5. Be2 Nd7 6. 0-0 Ne7 7. Nh4 Bg6 8. Nd2 c5 9. c3 Nc6 10. Nxg6 hxg6 11. Nf3 Be7 12. Be3 a6 13. Qd2 cxd4 14. cxd4 Nf8 15. Rab1 f6 16. exf6 gxf6 17. b4 g5 18. b5 axb5 19. Rxb5 Ra7 20. g3 Qa8 21. Rb2 Ba3 22. Rb3 Ng6 23. Rfb1 Nge7 24. Qc2 Bd6 25. R3b2 Ba3 26. Rb3 Bd6 1/2-1/2

[Event "Hamburg Junge op"]
[Site "Hamburg"]
[Date "2005.10.03"]
[Round "3"]
[White "Berg, Victor"]
[Black "Ma, Beini"]
[Result "1/2-1/2"]
[WhiteElo "2120"]
[BlackElo "1863"]
[PlyCount "31"]
[EventDate "2005.10.01"]
[EventType "swiss"]
[EventRounds "9"]
[EventCountry "GER"]
[SourceTitle "CBM 108 Extra"]
[Source "ChessBase"]
[SourceDate "2005.11.04"]
[SourceVersion "1"]
[SourceVersionDate "2005.11.04"]
[SourceQuality "1"]

1. e4 c5 2. d4 cxd4 3. c3 dxc3 4. Nxc3 e6 5. Bc4 Bb4 6. Nf3 Ne7 7. 0-0 0-0 8. Qb3 Nbc6 9. Rd1 Qa5 10. Bf4 Ng6 11. Bg3 f5 12. exf5 Qxf5 13. Nd5 Ba5 14. Nd4 Nxd4 15. Rxd4 Bd8 16. Re1 1/2-1/2

[Event "Southend op"]
[Site "London"]
[Date "2003.04.20"]
[Round "6"]
[White "Berg, Victor"]
[Black "Millward, David J"]
[Result "1-0"]
[WhiteElo "2091"]
[BlackElo "2105"]
[PlyCount "41"]
[EventDate "2003.04.18"]
[EventType "swiss"]
[EventRounds "7"]
[EventCountry "ENG"]
[SourceTitle "EXT 2006"]
[Source "ChessBase"]
[SourceDate "2005.11.24"]
[SourceVersion "1"]
[SourceVersionDate "2005.11.24"]
[SourceQuality "1"]

1. e4 e5 2. f4 Bc5 3. Nf3 d6 4. Nc3 Nf6 5. Bc4 0-0 6. d3 a6 7. f5 h6 8. Qe2 c6 9. Bd2 b5 10. Bb3 a5 11. a4 Bd7 12. 0-0-0 Na6 13. g4 Nxg4 14. Rhg1 Bxg1 15. Rxg1 Nc5 16. Rxg4 Nxb3+ 17. cxb3 Kh8 18. Qg2 Qf6 19. Qh3 Bxf5 20. exf5 Qxf5 21. Bxh6 1-0

[Event "Zwolle Windesheim op"]
[Site "Zwolle"]
[Date "2003.03.08"]
[Round "4"]
[White "Van Pelt, Erwin"]
[Black "Berg, Victor"]
[Result "1-0"]
[WhiteElo "1811"]
[BlackElo "2053"]
[PlyCount "67"]
[EventDate "2003.03.07"]
[EventType "swiss"]
[EventRounds "6"]
[EventCountry "NED"]
[SourceTitle "CBM 093 Extra"]
[Source "ChessBase"]
[SourceDate "2003.05.09"]
[SourceVersion "1"]
[SourceVersionDate "2003.05.09"]
[SourceQuality "1"]

1. d4 Nf6 2. Nf3 g6 3. Bf4 c5 4. e3 cxd4 5. exd4 Bg7 6. c3 0-0 7. Bd3 d5 8. Nbd2 Nc6 9. h3 Kh8 10. Ne5 Ng8 11. 0-0 Nh6 12. Nxc6 bxc6 13. Nf3 f6 14. Re1 Nf7 15. Qa4 Bd7 16. b4 e5 17. dxe5 fxe5 18. Nxe5 Nxe5 19. Bxe5 Bxe5 20. Rxe5 Qf6 21. Re2 Qxc3 22. Rd1 Rf4 23. a3 Qf6 24. Qc2 Rh4 25. Re3 g5 26. Rde1 g4 27. Re7 gxh3 28. Rxd7 Rg8 29. Bf1 Qf3 30. Re8 Rxe8 31. gxf3 h2+ 32. Kh1 Rg8 33. Bh3 Rxh3 34. Qc3+ 1-0